000 00314nam a22001457a 4500
008 210310b ||||| |||| 00| 0 eng d
020 _a2900132843477
041 _aeng
080 _25th
_a61
082 _a61
100 _a3
101 _aSHM
245 _aMedical Terminology
_cFremgen, B. F
942 _2udc
_cBK
999 _c56207
_d56207